00336nam a2200121 a 4500008004100000020001500041050001500056100002300071245006000094260003100154300002000185350000900205120416s0000 ||||||||||||||||| || u a0860035115 aTS 155 Ope aLewis, Colin David10aOperations management in practicecedited by C.D. Lewis aOxfordbPhilip Allanc1981 ax, 454p. : ill. a0.00